| 000 | 01117nam a22003137a 4500 | ||
|---|---|---|---|
| 001 | 000477 | ||
| 003 | DO-SdBNP | ||
| 005 | 20230523113930.0 | ||
| 007 | 000477 | ||
| 008 | 160906b 2006 ck 00| 0 spa d | ||
| 020 | _a9789580497516 | ||
| 040 |
_aBPMSU _bspa _cBPMSU |
||
| 082 | 4 |
_a362.76 _bC961i 2006 _222 |
|
| 100 | 1 | _aCuadros Ferré, Isabel | |
| 245 | 1 | 3 |
_aLa infancia rota : _btestimonios y guías para descubrir y tratar el abuso sexual infantil / _cIsabel Cuadros Ferré, Martha Ordóñez Vera. |
| 260 |
_aBogotá, Colombia : _bGrupo Editorial Norma, _c2006. |
||
| 300 |
_a177 p. ; _c21 cm. |
||
| 500 | _aIncluye datos biográficos de las autoras en las solapas. | ||
| 504 | _aBibliografía : p. 175-177 | ||
| 590 | _6Inventariado, 2023/VM | ||
| 650 | 4 |
_aAbuso del niño _xAspectos psicológicos. |
|
| 650 | 4 |
_aAbuso sexual de menores _xAspectos psicológicos |
|
| 650 | 4 |
_aNiños maltratados sexualmente _xTestimonio |
|
| 700 | 1 |
_aOrdóñez Vera, Martha _j |
|
| 700 | 1 |
_aGarcía Calvo, Natalia, _eed. |
|
| 910 | _aLOPEREZ/ VMateo V. Control de calidad (BPMSU) | ||
| 942 |
_2ddc _cBK |
||
| 945 | _a | ||
| 999 |
_c11340 _d11340 |
||